00729cam a22002411 4500001001300000003000400013005001700017008004100034010001700075035001900092040004000111042001200151050001700163082001000180100003000190245002200220260003800242300008400280500004300364504003000407600003500437999001500472af 47006215 DLC20260227110836.0770628s1944 gw af 000 0 ger c aaf 47006215  a(OCoLC)3077761 aNew York. Public LibrarycMMeTdDLC apremarc00aND588.A3bS3 a759.31 aSchmidt, Johann Heinrich.00aOswald Achenbach. aDüsseldorf,bL. Schwann,c1944. a152p. incl. front., illus. (incl. facsim.)bcol. plates, col. port.c29 x 22cm. aAt head of title: J. Heinrich Schmidt. a"Schrifttum": p. 145-147.10aAchenbach, Oswald,d1827-1905. c3459d3459